000 01035cam a22003257a 4500
003 CHAP
005 20220329135605.0
008 971013s1992 r 00010 d
010 _a38956
011 _a39928
035 _a44053
040 _cCHAP
082 _a312.0972
_bI58 v.2
110 _aInstituto Nacional de Estadística, Geografía e Informática. México
_959304
245 0 _aEstadísticas demográficas
260 _aAguascalientes, Ags. :
_bINEGI,
_c1992
300 _a107 p.
410 _aINEGI
490 0 _aCuaderno de población
_v; 2
590 _aBATCH-UPD
_b10
_c20130110
_lUCH01
_h1944
590 _aBATCH-UPD
_b10
_c20130410
_lUCH01
_h1307
590 _aBATCH-UPD
_b10
_c20130914
_lUCH01
_h1638
590 _aCONVERSION
_b10
_c20130109
_lUCH01
_h1322
650 1 4 _aPoblación
_xEstadísticas
_zMéxico.
_989385
810 0 0 _aINEGI
_958045
830 0 0 _aCuaderno de población
_v; 2
_929719
901 _aBK
942 _cLIBRO
949 _a312.0972 I58 v.2
_bBC
_cINEGI
_d33724000467155
_eINEGI
_h87650
_i44053
_mD
_si
999 _c38956
_d38956